MDQL
is popping MORE tags! Check the
thread
!
Quizzes
Events
Quiz Creation
Community
Videos
Private Events
Remove Ads
Sign In
Join for FREE
Feedback
Dark Mode
Quiz Categories
Sports
Geography
Music
Movies
Television
Just For Fun
Miscellaneous
History
Literature
Language
Science
Gaming
Entertainment
Religion
Holiday
For Kids
Quiz Lab
Recent
Popular Today
Quiz Kudos Today
Editor Picks
Curator Picks
Quizzes by...
Day
Popularity
Type
Ratings
Length
Year
Community
Subscriptions
Recent Discussions
Orange Saloon
Badges
Playlists
Quests
Create
Leaderboards
Showdown
Live 5
Trivia Bingo
Activity
Puzzle Library
Sporcle Events
Private Events
Virtual Trivia
Globe League
Become a Host
Pub Owners
SporcleCon
Opinionation
Our Games
Videos
Blog
Mobile Apps
Partnerships
Remove Ads and Go Orange
Feedback
Music
Pop Music
The Beatles
Song
Album
Lyrics
Bands
Singers
Artist
Clip
Rock
Rap
Classical
Billboard
Country Music
Kpop
Taylor Swift
Music
Pop Music
The Beatles
Song
Album
Lyrics
Bands
Singers
Artist
Clip
Rock
Rap
Classical
Billboard
Country Music
Kpop
Taylor Swift
Random Quiz
Search Sporcle
×
Quiz Lab
Quiz Lab
Music
Numbers
Type in answers that appear in a list
Type in answers that appear in a list
Classic
Best Score? Go Orange.
UK #1s - 2004 Stats
Can you name the UK number 1 singles from the year 2004?
By
thomizzle
5m
29 Questions
169 Plays
169 Plays
169 Plays
Comments
Comments
Give Quiz Kudos
Give Quiz Kudos
-
- Ratings
hide this ad
Replay
Link that replays current quiz
Next Quiz
Link to next quiz in quiz playlist
You Got
0%
They Got
Avg Score
49%
Avg Friend Score
Upgrade to see
Score Distribution
Jump to the score distribution portion of the page
Score
0/29
Timer
05:00
0
Plays Today
Artist
Single
% Correct
976. Usher featuring Ludacris & Lil' Jon
Yeah!
77.5%
974. Britney Spears
Toxic
74.6%
991. Eric Prydz
Call On Me
73.4%
979. Frankee
F.U.R.B. (**** You Right Back)
68.6%
973. Peter Andre featuring Bubbler Ranx
Mysterious Girl
68%
977. McFly
5 Colours In Her Hair
68%
997. Band Aid 20
Do They Know It's Christmas?
65.7%
975. DJ Casper
Cha Cha Slide
59.2%
985. The Streets
Dry Your Eyes
58%
978. Eamon
**** It (I Don't Want You Back)
55%
987. 3 Of A Kind
Babycakes
53.8%
988. Natasha Bedingfield
These Words
53.8%
983. Usher
Burn
53.3%
984. Shapeshifters
Lola's Theme
50.9%
995. U2
Vertigo
49.1%
Artist
Single
% Correct
982. McFly
Obviously
48.5%
970. LMC vs. U2
Take Me To The Clouds Above
47.3%
971. Sam & Mark
With A Little Help From My Friends
43.2%
986. Busted
3AM
42%
969. Michelle McManus
All This Time
40.8%
980. Mario Winans featuring Enya & P.Diddy
I Don't Wanna Know
39.1%
972. Busted
Who's David?
37.9%
981. Britney Spears
Everytime
37.3%
992. Robbie Williams
Radio
34.9%
996. Girls Aloud
I'll Stand By You
29.6%
994. Eminem
Just Lose It
28.4%
990. Brian McFadden
Real To Me
23.7%
989. Nelly featuring Jaheim
My Place
23.1%
993. Ja Rule featuring R.Kelly & Ashanti
Wonderful
20.7%
Quiz Playlist
Details
Report
Send in Message
Add To Playlist
Classic:
Type in answers that appear in a list
Quiz Source
Last Updated: Feb 16, 2017
Quiz Scoreboard
CHALLENGE
Sign Up to Join the Scoreboard
Show All
Scores
Hide
Comments
May contain spoilers
Recently Published
Find the 'City' Movie
by crazypaving
Movies
60s
5x2 Blitz: Bands
by SL_Kpop136
Music
30s
Colored Red Africa Blitz
by spor1
Geography
30s
More to Explore
Quiz From the Vault
Featured Blog Post
14 Easter Pick-up Lines to Find Eggs With
hide this ad
You Might Also Like...
Tags
Artist Quiz
Numbers Quiz
#1s
2004
Single
WKS
Today's Top Quizzes in Music
Browse Music
hide this ad
Today's Top Quizzes in Numbers
Browse Numbers
Top Contributed Quizzes in Music
1
5X2 Blitz: Bands II
2
Taylor Swift All Songs (2024)
3
5X2 Blitz: The Beatles
4
5X2 Blitz: Billboard
5
Taylor Swift Logic Puzzle
6
Taylor Swift Logic Puzzle II
7
5X2 Blitz: Album
8
5X2 Blitz: Billboard II
9
Music Artist by Three 2010s hits
10
5X2 Blitz: Rock
Explore More
Trending Topics
Disney
NBA
Harry Potter
Kpop
Crossword
Marvel
Anime
Song
WWE
NFL
Pokémon
Soccer
The Office
Country
Puzzle
hide this ad
More By:
thomizzle
Quiz
Plays
Rating
Category
Featured
Created
Eurovision Participants
9,317
3.65
Geography
Oct 30, 2009
Top 100 Singles 2000s
938
4.31
Music
Oct 30, 2009
Countries Chain Game 3
712
3.55
Geography
Nov 20, 2009
Former Soviet Countries
664
3.50
Geography
Oct 30, 2009
Tesco Game
565
4.38
Just For Fun
Apr 15, 2010
Go to Creator's Profile
Score Distribution
Quiz Creator Spotlight
thomizzle
Follow
Send a Message
Quizzes Created
-
Created Quiz Play Count
-
More By This Creator
Popular Quizzes Today
1
Find the 'City' Movie
2
5x2 Blitz: Bands
3
Colored Red Africa Blitz
4
Find the US States - No Outlines Minefield
5
The Countries of the World
6
Find the US States
7
9x9 Crossword: Cartoon Network
8
US States
More Music Quizzes
Band Name by Definition
Published
Trending Quizzes
Colored Red Africa Blitz II
Colored Red Europe Blitz I
Colored Red Africa Blitz III
Colored Red Europe Blitz II
Colored Red Europe Blitz III
Recently Updated
Champions League XIs: Real Madrid
pecheneg
Largest US Cities 1790-2010
pecheneg
Rides in Walt Disney World
pecheneg
Most Oscar Losses (Acting)
pecheneg
Beyoncé Albums
pecheneg
Leaping Animals
pecheneg
Reality TV Shows (A-Z)
bhenderson79
Rickey Henderson's Hall of Fame Teammates
pecheneg
Champions League XIs: Arsenal
pecheneg
Quick Pick: Celebrities in WWE's Hall of Fame
aduchscher
Trending Topics
Marvel
Anime
Crossword
Kpop
NBA
Harry Potter
Disney
Song
NFL
The Office
Country
Puzzle
WWE
Pokémon
Soccer
Your Account Isn't Verified!
In order to create a playlist on Sporcle, you need to verify the email address you used during registration. Go to your
Sporcle Settings
to finish the process.
Report this User
Report this user for behavior that violates our
Community Guidelines
.
Details:
Send Report
Go to the Sporcle.com Mobile Site →
Comments